Slovak Borders Minefield Quiz Stats

 Plays Quiz Updated Apr 11, 2021

Support Sporcle.
Go Orange.
Score 0/5 Timer 00:30
6 Plays Today
% Correct
???
86.5%
???
73.8%
???
65.9%
???
63.4%
???
38.8%

You're not logged in!

Compare scores with friends on all Sporcle quizzes.
OR
Log In

From the Vault

Title Character Actors

by TimeAndTide

Looking at this list makes me wonder when Michael Clayton and Erin Brockovich are going to team up for another movie.
Remove Ads.
Support Sporcle.
Get the best of Sporcle when you Go Orange. This ad-free experience offers more features, more stats, and more fun while also helping to support Sporcle. Thank you for becoming a member.

Show Comments

Extras

Top Quizzes Today


Score Distribution

Your Account Isn't Verified!

In order to create a playlist on Sporcle, you need to verify the email address you used during registration. Go to your Sporcle Settings to finish the process.

Report this User

Report this user for behavior that violates our Community Guidelines.

Details: